[Event "XLIV Memoriał Szachowy Ludwika Zamenhofa 2025, Grupa B"]
[Site "Bialystok, Poland"]
[Date "2025.12.29"]
[Round "6.28"]
[White "Ryszkiewicz, Adam"]
[Black "Saliuk, Maryia"]
[Result "1-0"]
[TimeControl "90'+30\""]
[WhiteElo "1985"]
[BlackElo "1742"]

1. e4 {[%clk 01:30:57]} {[%emt 00:00:03]} e5 {[%clk 01:30:53]} {[%emt
00:00:08]} 2. d4 {[%clk 01:31:23]} {[%emt 00:00:03]} exd4 {[%clk 01:31:13]}
{[%emt 00:00:09]} 3. Qxd4 {[%clk 01:31:35]} {[%emt 00:00:19]} Nc6 {[%clk
01:31:22]} {[%emt 00:00:21]} 4. Qe3 {[%clk 01:32:01]} {[%emt 00:00:04]} g6
{[%clk 01:31:34]} {[%emt 00:00:18]} 5. Bd2 {[%clk 01:31:38]} {[%emt 00:00:52]}
Bg7 {[%clk 01:31:51]} {[%emt 00:00:14]} 6. Bc3 {[%clk 01:32:00]} {[%emt
00:00:08]} Nf6 {[%clk 01:18:18]} {[%emt 00:14:03]} 7. f3 {[%clk 01:23:52]}
{[%emt 00:08:37]} Qe7 {[%clk 01:15:29]} {[%emt 00:03:19]} 8. Qe2 {[%clk
01:21:07]} {[%emt 00:03:15]} a6 {[%clk 01:03:11]} {[%emt 00:12:49]} 9. g4
{[%clk 01:20:36]} {[%emt 00:01:01]} b5 {[%clk 00:58:53]} {[%emt 00:04:48]} 10.
a3 {[%clk 01:19:35]} {[%emt 00:01:31]} Bb7 {[%clk 00:58:51]} {[%emt 00:00:33]}
11. Nd2 {[%clk 01:19:40]} {[%emt 00:00:24]} Ne5 {[%clk 00:46:17]} {[%emt
00:13:04]} 12. Bg2 {[%clk 01:07:27]} {[%emt 00:12:43]} O-O {[%clk 00:32:52]}
{[%emt 00:13:55]} 13. Nh3 {[%clk 01:06:34]} {[%emt 00:01:23]} d6 {[%clk
00:32:31]} {[%emt 00:00:51]} 14. O-O {[%clk 01:06:49]} {[%emt 00:00:14]} a5
{[%clk 00:30:13]} {[%emt 00:02:49]} 15. g5 {[%clk 00:51:13]} {[%emt 00:16:06]}
Nh5 {[%clk 00:30:02]} {[%emt 00:00:40]} 16. f4 {[%clk 00:51:36]} {[%emt
00:00:07]} Nd7 {[%clk 00:18:10]} {[%emt 00:12:23]} 17. Bxg7 {[%clk 00:51:49]}
{[%emt 00:00:16]} Nxg7 {[%clk 00:18:35]} {[%emt 00:00:06]} 18. Rae1 {[%clk
00:48:46]} {[%emt 00:03:32]} Rfe8 {[%clk 00:18:00]} {[%emt 00:01:05]} 19. Qg4
{[%clk 00:45:19]} {[%emt 00:03:57]} Nh5 {[%clk 00:17:13]} {[%emt 00:01:18]} 20.
Nf2 {[%clk 00:38:21]} {[%emt 00:07:28]} b4 {[%clk 00:15:24]} {[%emt 00:02:19]}
21. axb4 {[%clk 00:37:50]} {[%emt 00:01:00]} axb4 {[%clk 00:15:49]} {[%emt
00:00:06]} 22. Nd3 {[%clk 00:38:01]} {[%emt 00:00:19]} Ba6 {[%clk 00:09:23]}
{[%emt 00:06:57]} 23. Rf3 {[%clk 00:38:10]} {[%emt 00:00:19]} Bxd3 {[%clk
00:09:41]} {[%emt 00:00:13]} 24. cxd3 {[%clk 00:36:03]} {[%emt 00:02:36]} Ra2
{[%clk 00:07:47]} {[%emt 00:02:24]} 25. Rb1 {[%clk 00:35:11]} {[%emt 00:01:22]}
Nb6 {[%clk 00:05:45]} {[%emt 00:02:33]} 26. Rf2 {[%clk 00:33:29]} {[%emt
00:02:10]} c5 {[%clk 00:04:00]} {[%emt 00:02:16]} 27. Qd1 {[%clk 00:31:39]}
{[%emt 00:02:20]} Qa7 {[%clk 00:04:16]} {[%emt 00:00:14]} 28. f5 {[%clk
00:29:32]} {[%emt 00:02:37]} Qa4 {[%clk 00:03:58]} {[%emt 00:00:49]} 29. b3
{[%clk 00:29:39]} {[%emt 00:00:22]} Qa6 {[%clk 00:04:07]} {[%emt 00:00:21]} 30.
fxg6 {[%clk 00:29:16]} {[%emt 00:00:53]} hxg6 {[%clk 00:04:09]} {[%emt
00:00:28]} 31. Qf3 {[%clk 00:28:28]} {[%emt 00:01:18]} Rf8 {[%clk 00:04:34]}
{[%emt 00:00:05]} 32. Rbf1 {[%clk 00:27:39]} {[%emt 00:01:19]} Ra1 {[%clk
00:04:35]} {[%emt 00:00:29]} 33. Nc4 {[%clk 00:27:40]} {[%emt 00:00:29]} Rxf1+
{[%clk 00:04:56]} {[%emt 00:00:09]} 34. Rxf1 {[%clk 00:28:04]} {[%emt
00:00:06]} Nxc4 {[%clk 00:04:39]} {[%emt 00:00:47]} 35. dxc4 {[%clk 00:28:31]}
{[%emt 00:00:03]} Qb6 {[%clk 00:04:48]} {[%emt 00:00:22]} 36. Qd3 {[%clk
00:26:42]} {[%emt 00:02:18]} Qd8 {[%clk 00:05:09]} {[%emt 00:00:10]} 37. Qd5
{[%clk 00:27:04]} {[%emt 00:00:07]} Qe7 {[%clk 00:05:23]} {[%emt 00:00:16]} 38.
h4 {[%clk 00:25:15]} {[%emt 00:02:19]} Qe5 {[%clk 00:04:48]} {[%emt 00:01:05]}
39. Qd3 {[%clk 00:24:11]} {[%emt 00:01:34]} Nf4 {[%clk 00:04:20]} {[%emt
00:00:59]} 40. Qe3 {[%clk 00:22:05]} {[%emt 00:02:34]} Qd4 {[%clk 00:03:37]}
{[%emt 00:01:15]} 41. Re1 {[%clk 00:21:18]} {[%emt 00:01:17]} Qe5 {[%clk
00:03:32]} {[%emt 00:00:34]} 42. Rd1 {[%clk 00:20:28]} {[%emt 00:01:19]} Nxg2
{[%clk 00:03:17]} {[%emt 00:00:46]} 43. Kxg2 {[%clk 00:20:52]} {[%emt
00:00:06]} Qe6 {[%clk 00:03:40]} {[%emt 00:00:06]} 44. Qf4 {[%clk 00:20:50]}
{[%emt 00:00:31]} Rd8 {[%clk 00:03:49]} {[%emt 00:00:23]} 45. e5 {[%clk
00:20:48]} {[%emt 00:00:32]} d5 {[%clk 00:04:14]} {[%emt 00:00:06]} 46. Kg3
{[%clk 00:17:53]} {[%emt 00:03:24]} Rd7 {[%clk 00:04:33]} {[%emt 00:00:11]} 47.
Qf6 {[%clk 00:18:03]} {[%emt 00:00:20]} Qxf6 {[%clk 00:04:45]} {[%emt
00:00:19]} 48. gxf6 {[%clk 00:18:29]} {[%emt 00:00:03]} d4 {[%clk 00:05:09]}
{[%emt 00:00:06]} 49. Kf4 {[%clk 00:18:44]} {[%emt 00:00:15]} Ra7 {[%clk
00:03:49]} {[%emt 00:01:51]} 50. Ke4 {[%clk 00:18:42]} {[%emt 00:00:31]} Rd7
{[%clk 00:04:14]} {[%emt 00:00:06]} 51. Ra1 {[%clk 00:19:05]} {[%emt 00:00:06]}
Kh7 {[%clk 00:04:23]} {[%emt 00:00:22]} 52. Rg1 {[%clk 00:18:09]} {[%emt
00:01:25]} Kh6 {[%clk 00:04:32]} {[%emt 00:00:21]} 53. e6 {[%clk 00:17:54]}
{[%emt 00:00:46]} Rd6 {[%clk 00:03:11]} {[%emt 00:01:51]} 54. e7 {[%clk
00:18:09]} {[%emt 00:00:14]} Re6+ {[%clk 00:03:39]} {[%emt 00:00:02]} 55. Kd5
{[%clk 00:18:28]} {[%emt 00:00:12]} d3 {[%clk 00:04:01]} {[%emt 00:00:07]} 56.
Rd1 {[%clk 00:18:45]} {[%emt 00:00:13]} g5 {[%clk 00:04:15]} {[%emt 00:00:16]}
57. Rxd3 {[%clk 00:18:20]} {[%emt 00:00:55]} gxh4 {[%clk 00:04:38]} {[%emt
00:00:08]} 58. Kxc5 {[%clk 00:18:43]} {[%emt 00:00:06]} Kg5 {[%clk 00:05:02]}
{[%emt 00:00:05]} 59. Rd8 {[%clk 00:19:05]} {[%emt 00:00:09]} h3 {[%clk
00:05:28]} {[%emt 00:00:04]} 60. e8=Q {[%clk 00:19:25]} {[%emt 00:00:10]} h2
{[%clk 00:05:53]} {[%emt 00:00:05]} 61. Rd5 {[%clk 00:19:41]} {[%emt 00:00:14]}
Kf4 {[%clk 00:06:13]} {[%emt 00:00:10]} 62. Qb8+ {[%clk 00:20:02]} {[%emt
00:00:09]} Re5 {[%clk 00:06:31]} {[%emt 00:00:12]} 63. Qxe5+ {[%clk 00:20:27]}
{[%emt 00:00:05]} Kg4 {[%clk 00:06:59]} {[%emt 00:00:03]} 64. Rd4+ {[%clk
00:20:51]} {[%emt 00:00:06]} Kh3 {[%clk 00:07:24]} {[%emt 00:00:04]} 65. Qe3+
{[%clk 00:21:16]} {[%emt 00:00:04]} Kg2 {[%clk 00:07:49]} {[%emt 00:00:06]} 66.
Rd2+ {[%clk 00:21:44]} {[%emt 00:00:02]} Kh1 {[%clk 00:08:13]} {[%emt
00:00:07]} 67. Qe1# {[%emt 00:00:04]} 1-0

[Event "XLIV Memoriał Szachowy Ludwika Zamenhofa 2025, Grupa B"]
[Site "Bialystok, Poland"]
[Date "2025.12.29"]
[Round "6.29"]
[White "Kozlowski, Kacper"]
[Black "Nowak, Roksana"]
[Result "1/2-1/2"]
[TimeControl "90'+30\""]
[WhiteElo "1764"]
[BlackElo "1900"]

1. e4 {[%clk 01:30:55]} {[%emt 00:00:05]} c5 {[%clk 01:30:45]} {[%emt
00:00:17]} 2. Nf3 {[%clk 01:31:19]} {[%emt 00:00:05]} Nc6 {[%clk 01:31:11]}
{[%emt 00:00:04]} 3. d4 {[%clk 01:31:36]} {[%emt 00:00:13]} cxd4 {[%clk
01:31:36]} {[%emt 00:00:05]} 4. Nxd4 {[%clk 01:32:02]} {[%emt 00:00:04]} Nf6
{[%clk 01:31:59]} {[%emt 00:00:07]} 5. Nc3 {[%clk 01:32:27]} {[%emt 00:00:04]}
e5 {[%clk 01:32:24]} {[%emt 00:00:06]} 6. Ndb5 {[%clk 01:32:54]} {[%emt
00:00:03]} d6 {[%clk 01:32:48]} {[%emt 00:00:06]} 7. Bg5 {[%clk 01:33:16]}
{[%emt 00:00:07]} a6 {[%clk 01:33:12]} {[%emt 00:00:06]} 8. Na3 {[%clk
01:33:42]} {[%emt 00:00:04]} b5 {[%clk 01:33:38]} {[%emt 00:00:05]} 9. Bxf6
{[%clk 01:34:08]} {[%emt 00:00:04]} gxf6 {[%clk 01:33:39]} {[%emt 00:00:29]} 10.
Nd5 {[%clk 01:34:33]} {[%emt 00:00:04]} Bg7 {[%clk 01:32:47]} {[%emt 00:01:22]}
11. Bd3 {[%clk 01:34:09]} {[%emt 00:00:54]} O-O {[%clk 01:27:08]} {[%emt
00:06:10]} 12. c3 {[%clk 01:34:14]} {[%emt 00:00:24]} f5 {[%clk 01:26:15]}
{[%emt 00:01:23]} 13. exf5 {[%clk 01:31:26]} {[%emt 00:03:18]} e4 {[%clk
01:22:08]} {[%emt 00:04:38]} 14. Bxe4 {[%clk 01:27:12]} {[%emt 00:04:44]} Re8
{[%clk 01:21:56]} {[%emt 00:00:43]} 15. Qg4 {[%clk 01:22:53]} {[%emt 00:04:46]}
h5 {[%clk 01:05:32]} {[%emt 00:16:56]} 16. Qf4 {[%clk 01:21:08]} {[%emt
00:02:13]} Bxf5 {[%clk 00:37:09]} {[%emt 00:28:54]} 17. Qxf5 {[%clk 01:19:19]}
{[%emt 00:02:19]} Qh4 {[%clk 00:35:39]} {[%emt 00:02:00]} 18. O-O-O {[%clk
01:06:42]} {[%emt 00:13:07]} Qxe4 {[%clk 00:33:12]} {[%emt 00:02:58]} 19. Qxe4
{[%clk 01:06:43]} {[%emt 00:00:29]} Rxe4 {[%clk 00:33:41]} {[%emt 00:00:02]} 20.
Rhe1 {[%clk 01:06:06]} {[%emt 00:01:05]} Rxe1 {[%clk 00:25:54]} {[%emt
00:08:17]} 21. Rxe1 {[%clk 01:06:15]} {[%emt 00:00:21]} Ne5 {[%clk 00:25:45]}
{[%emt 00:00:39]} 22. Kc2 {[%clk 01:05:34]} {[%emt 00:01:11]} Kf8 {[%clk
00:25:59]} {[%emt 00:00:17]} 23. f4 {[%clk 01:04:38]} {[%emt 00:01:26]} Nc6
{[%clk 00:25:29]} {[%emt 00:01:00]} 24. Nc7 {[%clk 01:03:49]} {[%emt 00:01:19]}
Rc8 {[%clk 00:22:29]} {[%emt 00:03:30]} 25. Nxa6 {[%clk 01:03:10]} {[%emt
00:01:09]} b4 {[%clk 00:16:34]} {[%emt 00:06:24]} 26. Nb5 {[%clk 01:02:14]}
{[%emt 00:01:25]} bxc3 {[%clk 00:11:30]} {[%emt 00:05:37]} 27. Nxc3 {[%clk
01:01:04]} {[%emt 00:01:39]} Bxc3 {[%clk 00:11:31]} {[%emt 00:00:29]} 28. bxc3
{[%clk 01:00:53]} {[%emt 00:00:41]} Ra8 {[%clk 00:10:48]} {[%emt 00:01:13]} 29.
Nb4 {[%clk 01:01:07]} {[%emt 00:00:15]} Nxb4+ {[%clk 00:04:58]} {[%emt
00:06:21]} 30. cxb4 {[%clk 01:01:12]} {[%emt 00:00:24]} Rxa2+ {[%clk 00:05:25]}
{[%emt 00:00:04]} 31. Kb3 {[%clk 01:01:36]} {[%emt 00:00:06]} Ra8 {[%clk
00:05:49]} {[%emt 00:00:06]} 32. Kc4 {[%clk 01:01:44]} {[%emt 00:00:21]} Rc8+
{[%clk 00:05:29]} {[%emt 00:00:51]} 33. Kd5 {[%clk 01:01:32]} {[%emt 00:00:41]}
Rb8 {[%clk 00:05:05]} {[%emt 00:00:55]} 34. Re4 {[%clk 00:59:33]} {[%emt
00:02:28]} Rb6 {[%clk 00:03:48]} {[%emt 00:01:48]} 35. Kc4 {[%clk 00:58:57]}
{[%emt 00:01:03]} f6 {[%clk 00:03:37]} {[%emt 00:00:44]} 36. b5 {[%clk
00:59:07]} {[%emt 00:00:20]} d5+ {[%clk 00:03:51]} {[%emt 00:00:15]} 37. Kxd5
{[%clk 00:59:24]} {[%emt 00:00:14]} Rxb5+ {[%clk 00:04:18]} {[%emt 00:00:03]}
38. Ke6 {[%clk 00:59:35]} {[%emt 00:00:19]} Rb6+ {[%clk 00:04:42]} {[%emt
00:00:06]} 39. Kd5 {[%clk 00:59:38]} {[%emt 00:00:27]} Rb2 {[%clk 00:04:51]}
{[%emt 00:00:21]} 40. Ke6 {[%clk 00:57:39]} {[%emt 00:02:29]} Rb6+ {[%clk
00:05:17]} {[%emt 00:00:04]} 41. Kd5 {[%clk 00:57:55]} {[%emt 00:00:13]} Rb2
{[%clk 00:05:40]} {[%emt 00:00:08]} 42. f5 {[%clk 00:57:57]} {[%emt 00:00:28]}
Rb5+ {[%clk 00:05:26]} {[%emt 00:00:44]} 43. Ke6 {[%clk 00:57:24]} {[%emt
00:01:00]} Rb6+ {[%clk 00:05:55]} {[%emt 00:00:04]} 44. Kd7 {[%clk 00:57:34]}
{[%emt 00:00:17]} Rb7+ {[%clk 00:04:48]} {[%emt 00:01:41]} 45. Kc6 {[%clk
00:57:40]} {[%emt 00:00:23]} Rb2 {[%clk 00:05:14]} {[%emt 00:00:03]} 46. Rh4
{[%clk 00:57:19]} {[%emt 00:00:51]} Rxg2 {[%clk 00:05:17]} {[%emt 00:00:28]} 47.
Rxh5 {[%clk 00:57:45]} {[%emt 00:00:04]} Kg7 {[%clk 00:04:59]} {[%emt
00:00:48]} 48. Rh3 {[%clk 00:57:48]} {[%emt 00:00:26]} Rf2 {[%clk 00:05:13]}
{[%emt 00:00:17]} 49. Rg3+ {[%clk 00:57:53]} {[%emt 00:00:25]} 1/2-1/2

[Event "XLIV Memoriał Szachowy Ludwika Zamenhofa 2025, Grupa B"]
[Site "Bialystok, Poland"]
[Date "2025.12.29"]
[Round "6.30"]
[White "Borowik, Monika"]
[Black "Kaminska, Zuzanna"]
[Result "0-1"]
[TimeControl "90'+30\""]
[WhiteElo "1732"]
[BlackElo "1873"]

1. d4 {[%clk 01:29:30]} {[%emt 00:01:22]} Nf6 {[%clk 01:30:50]} {[%emt
00:00:18]} 2. Nf3 {[%clk 01:29:46]} {[%emt 00:00:14]} e6 {[%clk 01:30:57]}
{[%emt 00:00:23]} 3. c4 {[%clk 01:30:04]} {[%emt 00:00:12]} Bb4+ {[%clk
01:31:14]} {[%emt 00:00:12]} 4. Nbd2 {[%clk 01:30:22]} {[%emt 00:00:12]} O-O
{[%clk 01:30:41]} {[%emt 00:01:04]} 5. e3 {[%emt 00:01:36]} b6 {[%clk
01:29:46]} {[%emt 00:00:09]} 6. a3 {[%clk 01:30:43]} {[%emt 00:00:19]} Be7
{[%emt 00:00:25]} 7. Bd3 {[%clk 01:30:25]} {[%emt 00:00:42]} Bb7 {[%clk
01:30:08]} {[%emt 00:00:19]} 8. O-O {[%clk 01:30:10]} {[%emt 00:00:44]} d6
{[%clk 01:29:32]} {[%emt 00:01:06]} 9. b4 {[%clk 01:28:50]} {[%emt 00:01:51]}
Nbd7 {[%clk 01:29:25]} {[%emt 00:00:36]} 10. Bb2 {[%clk 01:27:49]} {[%emt
00:01:31]} c5 {[%clk 01:28:23]} {[%emt 00:01:32]} 11. bxc5 {[%clk 01:21:03]}
{[%emt 00:07:16]} bxc5 {[%clk 01:26:59]} {[%emt 00:01:54]} 12. Qc2 {[%clk
01:16:01]} {[%emt 00:05:32]} h6 {[%clk 01:25:42]} {[%emt 00:01:48]} 13. Rac1
{[%clk 01:12:36]} {[%emt 00:03:55]} Rc8 {[%clk 01:23:59]} {[%emt 00:02:13]} 14.
Rfd1 {[%clk 01:08:17]} {[%emt 00:04:48]} Qc7 {[%clk 01:15:56]} {[%emt
00:08:33]} 15. h3 {[%clk 01:00:13]} {[%emt 00:08:35]} Rfd8 {[%clk 01:12:56]}
{[%emt 00:03:30]} 16. Bc3 {[%clk 00:52:03]} {[%emt 00:08:40]} Qb8 {[%clk
01:07:00]} {[%emt 00:06:25]} 17. Ba5 {[%clk 00:49:22]} {[%emt 00:03:11]} Re8
{[%clk 01:06:32]} {[%emt 00:00:58]} 18. Re1 {[%clk 00:37:20]} {[%emt 00:12:33]}
d5 {[%clk 01:05:05]} {[%emt 00:01:58]} 19. e4 {[%clk 00:25:44]} {[%emt
00:12:06]} dxe4 {[%clk 01:01:27]} {[%emt 00:04:07]} 20. Nxe4 {[%clk 00:25:24]}
{[%emt 00:00:50]} cxd4 {[%clk 00:59:44]} {[%emt 00:02:13]} 21. Rb1 {[%clk
00:23:38]} {[%emt 00:02:15]} Qa8 {[%clk 00:57:15]} {[%emt 00:02:59]} 22. Nfd2
{[%clk 00:17:39]} {[%emt 00:06:30]} Nc5 {[%clk 00:53:00]} {[%emt 00:04:45]} 23.
Nxc5 {[%clk 00:15:19]} {[%emt 00:02:50]} Bxc5 {[%clk 00:52:20]} {[%emt
00:01:10]} 24. Ne4 {[%clk 00:14:16]} {[%emt 00:01:33]} Nxe4 {[%clk 00:49:55]}
{[%emt 00:02:55]} 25. Bxe4 {[%clk 00:12:58]} {[%emt 00:01:49]} Bxe4 {[%clk
00:49:24]} {[%emt 00:01:00]} 26. Rxe4 {[%clk 00:13:09]} {[%emt 00:00:19]} Qc6
{[%clk 00:48:37]} {[%emt 00:01:17]} 27. Rg4 {[%clk 00:08:12]} {[%emt 00:05:26]}
f5 {[%clk 00:43:47]} {[%emt 00:05:21]} 28. Rg3 {[%clk 00:04:36]} {[%emt
00:04:06]} Bd6 {[%clk 00:40:51]} {[%emt 00:03:25]} 29. Rd3 {[%clk 00:02:17]}
{[%emt 00:02:50]} Qxc4 {[%clk 00:38:40]} {[%emt 00:02:41]} 30. Qd1 {[%clk
00:02:00]} {[%emt 00:00:46]} e5 {[%clk 00:36:45]} {[%emt 00:02:26]} 31. Rf3
{[%clk 00:01:45]} {[%emt 00:00:45]} Rf8 {[%clk 00:34:03]} {[%emt 00:03:12]} 32.
g4 {[%clk 00:01:27]} {[%emt 00:00:48]} fxg4 {[%clk 00:32:17]} {[%emt 00:02:15]}
33. Rxf8+ {[%clk 00:01:37]} {[%emt 00:00:21]} Rxf8 {[%clk 00:31:41]} {[%emt
00:01:06]} 34. Qxg4 {[%clk 00:01:39]} {[%emt 00:00:27]} Qc2 {[%clk 00:27:33]}
{[%emt 00:04:37]} 35. Rf1 {[%clk 00:01:21]} {[%emt 00:00:49]} Rf6 {[%clk
00:26:53]} {[%emt 00:01:10]} 36. Kh1 {[%clk 00:01:01]} {[%emt 00:00:51]} Rg6
{[%clk 00:25:07]} {[%emt 00:02:16]} 37. Qf3 {[%clk 00:01:04]} {[%emt 00:00:27]}
e4 {[%clk 00:23:24]} {[%emt 00:02:13]} 38. Qf5 {[%clk 00:00:50]} {[%emt
00:00:43]} Rg5 {[%clk 00:13:55]} {[%emt 00:09:58]} 39. Qe6+ {[%clk 00:01:14]}
{[%emt 00:00:08]} Kh7 {[%clk 00:13:47]} {[%emt 00:00:36]} 40. Qxd6 {[%clk
00:00:50]} {[%emt 00:00:55]} Qe2 {[%clk 00:10:39]} {[%emt 00:03:31]} 41. Rg1
{[%clk 00:00:41]} {[%emt 00:00:46]} Qf3+ {[%clk 00:10:56]} {[%emt 00:00:12]} 42.
Kh2 {[%clk 00:01:03]} {[%emt 00:00:09]} Qxf2+ {[%clk 00:11:18]} {[%emt
00:00:08]} 0-1

[Event "XLIV Memoriał Szachowy Ludwika Zamenhofa 2025, Grupa B"]
[Site "Bialystok, Poland"]
[Date "2025.12.30"]
[Round "7.1"]
[White "Jarzebowski, Kacper"]
[Black "Kasperek, Ryszard"]
[Result "1-0"]
[TimeControl "90'+30\""]
[WhiteElo "2078"]
[BlackElo "2088"]

1. e4 {[%clk 01:30:55]} {[%emt 00:00:05]} e5 {[%clk 01:27:59]} {[%emt
00:03:01]} 2. Nf3 {[%clk 01:31:15]} {[%emt 00:00:10]} Nc6 {[%clk 01:28:25]}
{[%emt 00:00:05]} 3. Bb5 {[%clk 01:31:41]} {[%emt 00:00:03]} a6 {[%clk
01:28:46]} {[%emt 00:00:09]} 4. Ba4 {[%clk 01:32:06]} {[%emt 00:00:06]} b5
{[%clk 01:29:09]} {[%emt 00:00:07]} 5. Bb3 {[%clk 01:32:35]} {[%emt 00:00:01]}
Na5 {[%clk 01:29:35]} {[%emt 00:00:04]} 6. O-O {[%clk 01:32:59]} {[%emt
00:00:05]} d6 {[%clk 01:29:56]} {[%emt 00:00:09]} 7. d4 {[%clk 01:33:26]}
{[%emt 00:00:04]} exd4 {[%clk 01:29:50]} {[%emt 00:00:36]} 8. Nxd4 {[%clk
01:33:54]} {[%emt 00:00:02]} Bb7 {[%clk 01:30:15]} {[%emt 00:00:05]} 9. Bd2
{[%clk 01:34:15]} {[%emt 00:00:08]} Nxb3 {[%clk 01:29:22]} {[%emt 00:01:24]} 10.
Nxb3 {[%clk 01:34:43]} {[%emt 00:00:02]} Nf6 {[%clk 01:29:38]} {[%emt
00:00:13]} 11. Na5 {[%clk 01:30:04]} {[%emt 00:05:10]} Rb8 {[%clk 01:29:00]}
{[%emt 00:01:07]} 12. Nc3 {[%clk 01:30:05]} {[%emt 00:00:29]} Be7 {[%clk
01:23:18]} {[%emt 00:06:12]} 13. Qf3 {[%clk 01:30:07]} {[%emt 00:00:28]} Ba8
{[%clk 01:14:45]} {[%emt 00:09:04]} 14. Nd5 {[%clk 01:27:20]} {[%emt 00:03:16]}
O-O {[%clk 01:11:26]} {[%emt 00:03:49]} 15. b3 {[%clk 01:21:22]} {[%emt
00:06:28]} b4 {[%clk 00:56:14]} {[%emt 00:15:42]} 16. a4 {[%clk 00:57:06]}
{[%emt 00:24:47]} bxa3 {[%clk 00:35:46]} {[%emt 00:20:58]} 17. Rxa3 {[%clk
00:56:16]} {[%emt 00:01:20]} c6 {[%clk 00:34:14]} {[%emt 00:02:02]} 18. Nxe7+
{[%clk 00:51:06]} {[%emt 00:05:40]} Qxe7 {[%clk 00:34:40]} {[%emt 00:00:04]} 19.
Ra4 {[%clk 00:51:11]} {[%emt 00:00:25]} c5 {[%clk 00:34:54]} {[%emt 00:00:16]}
20. Bg5 {[%clk 00:50:16]} {[%emt 00:01:24]} Rfe8 {[%clk 00:34:49]} {[%emt
00:00:35]} 21. Bxf6 {[%clk 00:40:57]} {[%emt 00:09:49]} Qxf6 {[%clk 00:35:05]}
{[%emt 00:00:15]} 22. Qxf6 {[%clk 00:39:49]} {[%emt 00:01:38]} gxf6 {[%clk
00:35:31]} {[%emt 00:00:04]} 23. f3 {[%clk 00:39:44]} {[%emt 00:00:34]} d5
{[%clk 00:33:00]} {[%emt 00:03:01]} 24. exd5 {[%clk 00:37:55]} {[%emt
00:02:20]} Bxd5 {[%clk 00:33:27]} {[%emt 00:00:02]} 25. Kf2 {[%clk 00:36:47]}
{[%emt 00:01:38]} Rb4 {[%clk 00:33:04]} {[%emt 00:00:53]} 26. Rfa1 {[%clk
00:36:31]} {[%emt 00:00:46]} Rd4 {[%clk 00:32:20]} {[%emt 00:01:15]} 27. Rxd4
{[%clk 00:30:27]} {[%emt 00:06:34]} cxd4 {[%clk 00:32:12]} {[%emt 00:00:37]} 28.
Ra4 {[%clk 00:30:43]} {[%emt 00:00:14]} Rc8 {[%clk 00:31:00]} {[%emt 00:01:43]}
29. Nc4 {[%clk 00:30:50]} {[%emt 00:00:23]} Bxc4 {[%clk 00:23:15]} {[%emt
00:08:15]} 30. bxc4 {[%clk 00:30:46]} {[%emt 00:00:34]} Re8 {[%clk 00:11:45]}
{[%emt 00:12:00]} 31. c5 {[%clk 00:22:49]} {[%emt 00:08:27]} Rc8 {[%clk
00:12:10]} {[%emt 00:00:04]} 32. Ra5 {[%clk 00:23:10]} {[%emt 00:00:09]} Re8
{[%clk 00:12:01]} {[%emt 00:00:40]} 33. c6 {[%clk 00:23:25]} {[%emt 00:00:15]}
Ra8 {[%clk 00:12:23]} {[%emt 00:00:08]} 34. Ke2 {[%clk 00:18:39]} {[%emt
00:05:15]} Kf8 {[%clk 00:12:37]} {[%emt 00:00:16]} 35. c7 {[%clk 00:18:09]}
{[%emt 00:01:00]} Rc8 {[%clk 00:12:59]} {[%emt 00:00:09]} 36. Rxa6 {[%clk
00:18:32]} {[%emt 00:00:07]} Rxc7 {[%clk 00:13:13]} {[%emt 00:00:15]} 37. Kd2
{[%clk 00:18:53]} {[%emt 00:00:09]} Rb7 {[%clk 00:02:56]} {[%emt 00:10:48]} 38.
Rxf6 {[%clk 00:13:26]} {[%emt 00:05:56]} Rb1 {[%clk 00:03:23]} {[%emt
00:00:03]} 39. Rh6 {[%clk 00:10:47]} {[%emt 00:03:09]} Rf1 {[%clk 00:02:06]}
{[%emt 00:01:47]} 40. Ke2 {[%clk 00:08:33]} {[%emt 00:02:44]} Rc1 {[%clk
00:02:25]} {[%emt 00:00:11]} 41. Kd2 {[%clk 00:06:16]} {[%emt 00:02:48]} Rf1
{[%clk 00:02:49]} {[%emt 00:00:05]} 42. g3 {[%clk 00:06:13]} {[%emt 00:00:33]}
Kg7 {[%clk 00:02:22]} {[%emt 00:00:58]} 43. Ke2 {[%clk 00:05:38]} {[%emt
00:01:05]} Rc1 {[%clk 00:02:02]} {[%emt 00:00:50]} 44. Rc6 {[%clk 00:06:03]}
{[%emt 00:00:04]} Rh1 {[%clk 00:02:12]} {[%emt 00:00:20]} 45. h4 {[%clk
00:05:37]} {[%emt 00:00:57]} Rh3 {[%clk 00:02:25]} {[%emt 00:00:17]} 46. Rc4
{[%clk 00:04:33]} {[%emt 00:01:34]} Rxg3 {[%clk 00:02:26]} {[%emt 00:00:29]} 47.
Rxd4 {[%clk 00:04:58]} {[%emt 00:00:05]} Kf6 {[%clk 00:02:26]} {[%emt
00:00:29]} 48. c4 {[%clk 00:03:28]} {[%emt 00:02:01]} Rg2+ {[%clk 00:02:38]}
{[%emt 00:00:18]} 49. Kd3 {[%clk 00:03:43]} {[%emt 00:00:15]} Rf2 {[%clk
00:02:33]} {[%emt 00:00:35]} 50. c5 {[%clk 00:02:55]} {[%emt 00:01:19]} Rxf3+
{[%clk 00:02:29]} {[%emt 00:00:33]} 51. Kc4 {[%clk 00:02:56]} {[%emt 00:00:29]}
Ke5 {[%clk 00:02:16]} {[%emt 00:00:44]} 52. c6 {[%clk 00:03:07]} {[%emt
00:00:19]} Rf1 {[%clk 00:02:42]} {[%emt 00:00:03]} 53. Rd8 {[%clk 00:02:51]}
{[%emt 00:00:46]} f5 {[%clk 00:02:00]} {[%emt 00:01:13]} 54. Kc5 {[%clk
00:03:05]} {[%emt 00:00:15]} Rc1+ {[%clk 00:02:21]} {[%emt 00:00:09]} 55. Kb6
{[%clk 00:03:14]} {[%emt 00:00:21]} Rb1+ {[%clk 00:02:20]} {[%emt 00:00:31]} 56.
Ka7 {[%clk 00:03:32]} {[%emt 00:00:11]} Ra1+ {[%clk 00:02:44]} {[%emt
00:00:07]} 57. Kb8 {[%clk 00:03:56]} {[%emt 00:00:06]} Rb1+ {[%clk 00:03:11]}
{[%emt 00:00:03]} 58. Kc8 {[%clk 00:04:10]} {[%emt 00:00:16]} f4 {[%clk
00:03:31]} {[%emt 00:00:10]} 59. c7 {[%clk 00:04:34]} {[%emt 00:00:06]} f3
{[%clk 00:03:24]} {[%emt 00:00:36]} 60. Rf8 {[%clk 00:04:30]} {[%emt 00:00:35]}
Ke4 {[%clk 00:03:34]} {[%emt 00:00:20]} 61. Kd8 {[%clk 00:04:38]} {[%emt
00:00:22]} Rc1 {[%clk 00:01:21]} {[%emt 00:02:44]} 62. c8=Q {[%clk 00:04:56]}
{[%emt 00:00:12]} Rxc8+ {[%clk 00:01:49]} {[%emt 00:00:01]} 63. Kxc8 {[%clk
00:05:20]} {[%emt 00:00:07]} h5 {[%clk 00:02:16]} {[%emt 00:00:03]} 64. Kd7
{[%clk 00:05:30]} {[%emt 00:00:20]} Ke3 {[%clk 00:02:39]} {[%emt 00:00:07]} 65.
Ke6 {[%clk 00:05:29]} {[%emt 00:00:30]} f2 {[%clk 00:02:38]} {[%emt 00:00:31]}
66. Rf5 {[%clk 00:05:33]} {[%emt 00:00:27]} 1-0